BIBLIOTECA

SENCICO

Arquitectura de madera. Historia Universal (Registro nro. 997)

Detalles MARC
000 -LEADER
fixed length control field 00696nam a2200253Ia 4500
005 - DATE AND TIME OF LATEST TRANSACTION
control field 20251020182456.0
008 - FIXED-LENGTH DATA ELEMENTS--GENERAL INFORMATION
fixed length control field 200515s9999 xx 000 0 und d
020 ## - INTERNATIONAL STANDARD BOOK NUMBER
International Standard Book Number 978-84-9801-882-0
082 ## - DEWEY DECIMAL CLASSIFICATION NUMBER
Classification number 624.038/P86
100 ## - MAIN ENTRY--PERSONAL NAME
Personal name Pryce, Will
245 #0 - TITLE STATEMENT
Title Arquitectura de madera. Historia Universal
250 ## - EDITION STATEMENT
Edition statement 1a ed.
260 ## - PUBLICATION, DISTRIBUTION, ETC.
Place of publication, distribution, etc. Barcelona
260 ## - PUBLICATION, DISTRIBUTION, ETC.
Name of publisher, distributor, etc. BLUME
260 ## - PUBLICATION, DISTRIBUTION, ETC.
Date of publication, distribution, etc. 2016
300 ## - PHYSICAL DESCRIPTION
Extent 320 p.
300 ## - PHYSICAL DESCRIPTION
Other physical details il., graf., fot., col.
500 ## - GENERAL NOTE
General note 1 ejemplar
520 ## - SUMMARY, ETC.
Summary, etc. Recuento histórico del uso arquitectónico de la madera a través de la historia y en diversas partes del mundo
650 ## - SUBJECT ADDED ENTRY--TOPICAL TERM
Topical term or geographic name entry element DISEÑO ARQUITECTONICO
650 ## - SUBJECT ADDED ENTRY--TOPICAL TERM
Topical term or geographic name entry element MADERA
942 ## - ADDED ENTRY ELEMENTS (KOHA)
Koha item type Libros
Existencias
Fecha de la última vez que lo usaron Pago total Signatura topográfica completa Código de barras Precio efectivo desde Tipo de documento Estado perdido Estado dañado No es para préstamo Retirado Ubicación permanente Ubicación actual Fecha de adquisición
15/05/2020   624.038/P86 Bib-Lima15050997 15/05/2020 Libros         Biblioteca Central Lima Biblioteca Central Lima 15/05/2020